Calopogonium caeruleum- Rubberinu mattoru aavarana vila (Record no. 55049)
[ view plain ]
| 000 -LEADER | |
|---|---|
| fixed length control field | 00357nam a2200145Ia 4500 |
| 100 ## - MAIN ENTRY--AUTHOR NAME | |
| Personal name | Philip A |
| 245 #0 - TITLE STATEMENT | |
| Title | Calopogonium caeruleum- Rubberinu mattoru aavarana vila |
| 260 ## - PUBLICATION, DISTRIBUTION, ETC. (IMPRINT) | |
| Name of publisher | Rubber |
| Year of publication | 2020 |
| 300 ## - PHYSICAL DESCRIPTION | |
| Number of Pages | 14-15 |
| 650 ## - SUBJECT ADDED ENTRY--TOPICAL TERM | |
| Topical Term | Calopogonium |
| 650 ## - SUBJECT ADDED ENTRY--TOPICAL TERM | |
| Topical Term | Cover crop |
| 700 ## - ADDED ENTRY--PERSONAL NAME | |
| Personal name | Jessy M.D |
| 942 ## - ADDED ENTRY ELEMENTS (KOHA) | |
| Koha item type | Journals |
| Withdrawn status | Lost status | Damaged status | Not for loan | Home library | Current library | Shelving location | Date acquired | Serial Enumeration / chronology | Koha item type |
|---|---|---|---|---|---|---|---|---|---|
| Journals | RRII Library | RRII Library | Agronomy | 17/12/2021 | Volume 653, Issue October | Journals |